Normal view
MARC view
Entry Geographic Name
001 - CONTROL NUMBER
- control field: 51703
003 - CONTROL NUMBER IDENTIFIER
- control field: ARRUPE
005 - DATE AND TIME OF LATEST TRANSACTION
- control field: 20220520074808.0
008 - FIXED-LENGTH DATA ELEMENTS
- fixed length control field: 220520|| aca||aabn | a|a d
040 ## - CATALOGING SOURCE
- Original cataloging agency: ARRUPE
- Transcribing agency: ARRUPE
151 ## - HEADING--GEOGRAPHIC NAME
- Geographic name: United States
- General subdivision: Intellectual life
- Chronological subdivision: 1865-1918
670 ## - SOURCE DATA FOUND
- Source citation: Work cat.: (ARRUPE)131472: Meier, August, 1923- 4199, Negro thought in America, 1880-1915 :, [1988]